000 00569nam a2200193Ia 4500
005 20250326140558.0
008 250326s9999 xx 000 0 und d
020 _a0-321-00199-0
037 _aTextbook
040 _aFMSL
_beng
_cFMSL
041 _aeng
_2eng
084 _aSNIobX:8 N9
_qFMSL
100 _aKardes Frank R
_9308529
245 0 _aConsumer behaviour and managerial decision making
_cKardes Frank R
260 _aNew York
_bNew York, Addison- Wesley
_c1999
300 _axx,505
942 _cTB
_hSNIobX:8 N9
999 _c1286398
_d1286398